00611 2200205 4500001002100000005001500021035002000036245014900056100002100205250000600226300003400232700002200266260003800288082001000326084001600336020000600352650001200358990001800370990001700388INLIS00000000000134920190913052026 a0010-09190000531 aKumpulan Cerita Rakyat Nusantara Lengkap dari 34 Provinsi :bdisertai Dongeng-dongeng Mancanegara /cYustitia Angelia; Editor, MB. Rahimsyah A.R0 aYustitia Angelia a- a128 hlm. :bilus. ;c23,5 cm.0 aMB. Rahimsyah A.R aJombang :bLintas Media,c[ s.a ] a398.2 a398.2 YUS k a- aDongeng a046900/H/2018 a04690/H/2018